Statistiques concernant Joueurs de Tennis numéros 1 mondiaux (ATP)

Cliquez ici pour prendre le quiz!

Statistiques générales

  • Ce quiz a été pris 15 720 fois
    (14 975 depuis la dernière actualisation)
  • Le résultat moyen est 11 sur 28

Statistiques - réponses

PremièrePaysJoueur% Correct
2008EspagneRafael Nadal
99%
2011SerbieNovak Djokovic
97%
2004SuisseRoger Federer
96%
2022EspagneCarlos Alcaraz
83%
2022RussieDaniil Medvedev
83%
2016Royaume-UniAndy Murray
82%
1977SuèdeBjörn Borg
51%
1995États-UnisAndre Agassi
50%
1993États-UnisPete Sampras
48%
1980États-UnisJohn McEnroe
44%
2003États-UnisAndy Roddick
35%
2000BrésilGustavo Kuerten
32%
2001AustralieLleyton Hewitt
32%
1991AllemagneBoris Becker
30%
1983TchécoslovaquieIvan Lendl
29%
2000RussieMarat Safin
28%
2003EspagneJuan Carlos Ferrero
27%
1999EspagneCarlos Moyà
23%
1974États-UnisJimmy Connors
21%
1988SuèdeMats Wilander
21%
1990SuèdeStefan Edberg
20%
1992États-UnisJim Courier
19%
1973RoumanieIlie Năstase
17%
1999RussieIevgueni Kafelnikov
16%
1998ChiliMarcelo Ríos
13%
1999AustraliePatrick Rafter
13%
1996AutricheThomas Muster
13%
1974
AustralieJohn Newcombe
8%

Distribution des résultats

Percentile par nombre de réponses

% des personnes avec chaque résultat

Votre développement - résultats

Vous n’avez pas pris ce quiz depuis la dernière actualisation